International economic development: Theory and policy (Record no. 23684)

MARC details
000 -LEADER
fixed length control field 00346nam a2200121Ia 4500
082 ## - DEWEY DECIMAL CLASSIFICATION NUMBER
Classification number 339.9
Item number MEI
100 ## - MAIN ENTRY--AUTHOR NAME
Personal name MEIER, G M
245 #0 - TITLE STATEMENT
Title International economic development: Theory and policy
260 ## - PUBLICATION, DISTRIBUTION, ETC. (IMPRINT)
Place of publication New York
Name of publisher Harper &Row
Year of publication 1968
650 ## - SUBJECT ADDED ENTRY--TOPICAL TERM
Topical Term International economic development
942 ## - ADDED ENTRY ELEMENTS (KOHA)
Koha item type Books
Holdings
Withdrawn status Lost status Damaged status Not for loan Home library Current library Date acquired Full call number Accession Number Koha item type
        RRII Library RRII Library 16/12/2021 339.9 MEI 04382 Books